[Event "CP-2012-Q-00006"]
[Site "LSS email"]
[Date "2013.12.17"]
[Round "?"]
[White "Langer, Rajmund"]
[Black "Saganauer, Richard"]
[Result "1/2-1/2"]
[WhiteElo "2331"]
[BlackElo "1843"]
[PlyCount "58"]
[EventDate "2013.12.22"]
[EventType "tourn (corr)"]
[EventRounds "6"]
[EventCountry "GER"]
[SourceTitle "Corr 2015"]
[Source "ChessBase"]
[SourceDate "2015.07.17"]
[SourceVersion "1"]
[SourceVersionDate "2015.07.17"]
[SourceQuality "1"]

1. d4 Nf6 2. c4 e6 3. Nf3 b6 4. a3 Bb7 5. Nc3 d5 6. cxd5 Nxd5 7. Qc2 Nxc3 8. bxc3 Nd7 9. e4 c5 10. Bf4 cxd4 11. cxd4 Rc8 12. Qb3 Bxe4 13. Bb5 Bc6 14. Bxc6 Rxc6 15. 0-0 Be7 16. Qa4 b5 17. Qxb5 Qb6 18. Rfb1 Qxb5 19. Rxb5 Rb6 20. a4 0-0 21. Rab1 Rc8 22. g3 Bd8 23. a5 Rxb5 24. Rxb5 Nf6 25. Ne5 Ne4 26. Nc6 Rxc6 27. Rb8 Kf8 28. Rxd8+ Ke7 29. Rb8 Ra6 1/2-1/2

[Event "CP-2010-S-00004"]
[Site "LSS email"]
[Date "2013.05.01"]
[Round "?"]
[White "Borisovs, Leonids"]
[Black "Langer, Rajmund"]
[Result "0-1"]
[WhiteElo "2136"]
[BlackElo "2282"]
[PlyCount "110"]
[EventDate "2013.05.05"]
[EventType "tourn (corr)"]
[EventRounds "7"]
[EventCountry "GER"]
[SourceTitle "Telechess CBM 167"]
[Source "ChessBase"]
[SourceDate "2015.07.13"]
[SourceVersion "1"]
[SourceVersionDate "2015.07.13"]
[SourceQuality "1"]

1. d4 Nf6 2. c4 e6 3. Nf3 b6 4. a3 Bb7 5. Nc3 d5 6. cxd5 Nxd5 7. Qc2 Nxc3 8. bxc3 Be7 9. e4 0-0 10. Bd3 c5 11. 0-0 h6 12. Rd1 Qc7 13. Qe2 Rd8 14. e5 Nc6 15. Qe4 g6 16. Qg4 Bf8 17. Be3 Ne7 18. Nd2 h5 19. Qe2 cxd4 20. cxd4 Nf5 21. Ne4 Be7 22. Rac1 Qd7 23. Qb2 Qd5 24. Rc7 Rd7 25. Rxd7 Qxd7 26. Nc3 Nxe3 27. fxe3 Rc8 28. g3 h4 29. Rf1 Bg5 30. Kf2 hxg3+ 31. hxg3 Kg7 32. Ne4 Rh8 33. Qc3 Be7 34. Ke2 Rh2+ 35. Rf2 Rh1 36. Bc2 Rg1 37. Kf3 a5 38. Rh2 Qd5 39. Ke2 Qb5+ 40. Bd3 Qc6 41. Kd2 b5 42. Qxc6 Bxc6 43. Nd6 Ra1 44. Rf2 Bxd6 45. exd6 Rxa3 46. Rf1 Ra2+ 47. Kc3 b4+ 48. Kc4 Ra3 49. Kc5 Rc3+ 50. Kb6 b3 51. Bb5 Bxb5 52. Kxb5 Kf8 53. e4 Ke8 54. g4 f5 55. d5 e5 0-1

[Event "CP-2010-S-00004"]
[Site "LSS email"]
[Date "2013.05.01"]
[Round "?"]
[White "Langer, Rajmund"]
[Black "Kuhne, Detlev"]
[Result "1/2-1/2"]
[WhiteElo "2282"]
[BlackElo "2288"]
[PlyCount "57"]
[EventDate "2013.05.05"]
[EventType "tourn (corr)"]
[EventRounds "7"]
[EventCountry "GER"]
[SourceTitle "Telechess CBM 167"]
[Source "ChessBase"]
[SourceDate "2015.07.13"]
[SourceVersion "1"]
[SourceVersionDate "2015.07.13"]
[SourceQuality "1"]

1. e4 c5 2. Nf3 d6 3. d4 cxd4 4. Nxd4 Nf6 5. Nc3 a6 6. Bg5 e6 7. f4 Qb6 8. Qd2 Qxb2 9. Rb1 Qa3 10. e5 h6 11. Bh4 dxe5 12. fxe5 g5 13. exf6 gxh4 14. Be2 Qa5 15. 0-0 Nd7 16. Kh1 Qg5 17. Qe1 Nxf6 18. Nf3 Qg7 19. Ne5 Be7 20. Na4 0-0 21. Nb6 Rb8 22. Rb3 Ne4 23. Ned7 Bxd7 24. Nxd7 Qg5 25. Nxb8 Rxb8 26. Rd3 Rc8 27. Bf3 Nd6 28. Qe2 Qc5 29. Bh5 1/2-1/2

[Event "CP-2011-Q-00013"]
[Site "LSS email"]
[Date "2013.01.14"]
[Round "?"]
[White "Ivanov, Valerij"]
[Black "Langer, Rajmund"]
[Result "1/2-1/2"]
[WhiteElo "2265"]
[BlackElo "2282"]
[PlyCount "42"]
[EventDate "2013.01.20"]
[EventType "tourn (corr)"]
[EventRounds "8"]
[EventCountry "GER"]
[SourceTitle "Telechess CBM 167"]
[Source "ChessBase"]
[SourceDate "2015.07.13"]
[SourceVersion "1"]
[SourceVersionDate "2015.07.13"]
[SourceQuality "1"]

1. d4 Nf6 2. c4 e6 3. Nf3 b6 4. a3 Bb7 5. Nc3 d5 6. cxd5 Nxd5 7. Bd2 Nd7 8. Nxd5 Bxd5 9. Qc2 c5 10. e4 Bb7 11. Rd1 cxd4 12. Bf4 a6 13. Rxd4 Rc8 14. Qd1 b5 15. b4 f6 16. Be2 e5 17. Nxe5 fxe5 18. Bxe5 Nxe5 19. Rxd8+ Rxd8 20. Qb3 Nc6 21. Qc3 Nd4 1/2-1/2

[Event "CP-2011-Q-00013"]
[Site "LSS email"]
[Date "2013.01.14"]
[Round "?"]
[White "Langer, Rajmund"]
[Black "Zielinski, Sergej"]
[Result "1/2-1/2"]
[WhiteElo "2282"]
[BlackElo "2137"]
[PlyCount "76"]
[EventDate "2013.01.20"]
[EventType "tourn (corr)"]
[EventRounds "8"]
[EventCountry "GER"]
[SourceTitle "Telechess CBM 167"]
[Source "ChessBase"]
[SourceDate "2015.07.13"]
[SourceVersion "1"]
[SourceVersionDate "2015.07.13"]
[SourceQuality "1"]

1. e4 e5 2. Nf3 Nc6 3. Bb5 a6 4. Ba4 Nf6 5. 0-0 Be7 6. Re1 b5 7. Bb3 d6 8. c3 0-0 9. h3 Na5 10. Bc2 c5 11. d4 Qc7 12. Nbd2 cxd4 13. cxd4 Nc6 14. Nb3 a5 15. Be3 a4 16. Nbd2 Bd7 17. Rc1 Qb7 18. Qe2 Rfc8 19. a3 h6 20. Bd3 Rab8 21. Red1 Re8 22. dxe5 Nxe5 23. Nxe5 dxe5 24. Nf3 Bd8 25. Bd2 Bc7 26. Bb4 Nh5 27. g3 Nf6 28. Kg2 Rbc8 29. Nh4 Bb6 30. Rxc8 Qxc8 31. g4 Qb7 32. Rc1 Bd4 33. Rc2 Rd8 34. Nf3 Re8 35. Ba5 Ba7 36. Rc7 Qa6 37. Bb4 Qb6 38. Rc5 Qb8 1/2-1/2

[Event "SM-2012-0-00226"]
[Site "LSS email"]
[Date "2012.11.06"]
[Round "?"]
[White "Langer, Rajmund"]
[Black "Flores, Luis"]
[Result "1/2-1/2"]
[WhiteElo "2319"]
[BlackElo "2133"]
[PlyCount "71"]
[EventDate "2012.10.19"]
[EventType "tourn (corr)"]
[EventRounds "6"]
[EventCountry "GER"]
[SourceTitle "Telechess CBM 161"]
[Source "ChessBase"]
[SourceDate "2014.07.16"]
[SourceVersion "1"]
[SourceVersionDate "2014.07.16"]
[SourceQuality "1"]

1. e4 c5 2. Nf3 d6 3. d4 cxd4 4. Nxd4 Nf6 5. Nc3 a6 6. Bg5 e6 7. f4 Qb6 8. Qd2 Qxb2 9. Rb1 Qa3 10. e5 h6 11. Bh4 dxe5 12. fxe5 g5 13. exf6 gxh4 14. Be2 Qa5 15. 0-0 Nd7 16. Kh1 Qg5 17. Qe1 h3 18. gxh3 Qe5 19. Qf2 Bc5 20. Rbd1 Bb4 21. Na4 Rb8 22. Bf3 Nxf6 23. Nb6 Be7 24. Nxc8 Rxc8 25. Bxb7 Rc4 26. Rfe1 Qc5 27. Qf4 Qc7 28. Qf3 0-0 29. Bxa6 Rc5 30. Bb5 Rd8 31. a4 Kh8 32. c4 Rg5 33. Nc6 Rxd1 34. Rxd1 Rf5 35. Qe3 Kh7 36. Nxe7 1/2-1/2

[Event "CP-2012-P-00017"]
[Site "LSS email"]
[Date "2012.10.01"]
[Round "?"]
[White "Hrubaru, Mircea"]
[Black "Langer, Rajmund"]
[Result "0-1"]
[WhiteElo "1802"]
[BlackElo "2319"]
[PlyCount "40"]
[EventDate "2012.10.05"]
[EventType "tourn (corr)"]
[EventRounds "6"]
[EventCountry "GER"]
[SourceTitle "Telechess CBM 161"]
[Source "ChessBase"]
[SourceDate "2014.07.16"]
[SourceVersion "1"]
[SourceVersionDate "2014.07.16"]
[SourceQuality "1"]

1. d4 Nf6 2. c4 e6 3. Nf3 b6 4. a3 Bb7 5. Nc3 d5 6. cxd5 Nxd5 7. Qc2 Nxc3 8. bxc3 Be7 9. e4 0-0 10. Bd3 c5 11. 0-0 h6 12. Rd1 Qc7 13. d5 c4 14. Be2 exd5 15. exd5 Re8 16. Qa2 Nd7 17. Bxc4 Nf6 18. Rd4 Bd6 19. a4 Rad8 20. a5 Re4 0-1

[Event "CP-2012-P-00017"]
[Site "LSS email"]
[Date "2012.10.01"]
[Round "?"]
[White "Langer, Rajmund"]
[Black "Kovacs, Arthur"]
[Result "1/2-1/2"]
[WhiteElo "2319"]
[BlackElo "2483"]
[PlyCount "63"]
[EventDate "2012.10.05"]
[EventType "tourn (corr)"]
[EventRounds "6"]
[EventCountry "GER"]
[SourceTitle "Telechess CBM 161"]
[Source "ChessBase"]
[SourceDate "2014.07.16"]
[SourceVersion "1"]
[SourceVersionDate "2014.07.16"]
[SourceQuality "1"]

1. e4 e5 2. Nf3 Nc6 3. Bb5 a6 4. Ba4 Nf6 5. 0-0 Be7 6. Re1 b5 7. Bb3 d6 8. c3 0-0 9. h3 Nb8 10. d4 Nbd7 11. Nbd2 Bb7 12. Bc2 Re8 13. Nf1 Bf8 14. Ng3 g6 15. a4 c5 16. d5 c4 17. Bg5 h6 18. Be3 Nc5 19. Qd2 h5 20. Bxc5 dxc5 21. Nf1 Nd7 22. Qe3 Qe7 23. N1d2 Reb8 24. Red1 Kg7 25. Rdb1 Qd6 26. Qe2 Qc7 27. Nf1 Kg8 28. Ne3 Bc8 29. Qd2 Nf6 30. Re1 Qe7 31. Nf1 Ne8 32. Red1 1/2-1/2

[Event "WC-2015-Q-00008"]
[Site "LSS email"]
[Date "2012.09.11"]
[Round "?"]
[White "Belanoff, Stuart B"]
[Black "Langer, Rajmund"]
[Result "1/2-1/2"]
[WhiteElo "2213"]
[BlackElo "2319"]
[PlyCount "66"]
[EventDate "2012.09.17"]
[EventType "tourn (corr)"]
[EventRounds "10"]
[EventCountry "GER"]
[SourceTitle "Telechess CBM 163"]
[Source "ChessBase"]
[SourceDate "2014.11.11"]
[SourceVersion "2"]
[SourceVersionDate "2014.11.11"]
[SourceQuality "1"]

1. d4 Nf6 2. Nf3 e6 3. e3 c5 4. Bd3 d5 5. b3 Nc6 6. 0-0 Bd6 7. Bb2 cxd4 8. exd4 0-0 9. Nbd2 b6 10. Ne5 Bb7 11. a3 Qc7 12. Qe2 Rac8 13. f4 Ne7 14. c3 g6 15. a4 Nf5 16. g4 Ng7 17. Rac1 Nd7 18. Bb5 Nb8 19. c4 Qd8 20. cxd5 exd5 21. Rxc8 Qxc8 22. g5 Qc2 23. Ndf3 Qxe2 24. Bxe2 Bc8 25. Ne1 Bh3 26. Rf2 Ne6 27. N1d3 Rd8 28. Bf1 Bf5 29. h3 Be4 30. h4 h5 31. gxh6 f6 32. Ng4 Rf8 33. Bg2 Kh7 1/2-1/2

[Event "RM-2011-0-00088"]
[Site "LSS email"]
[Date "2012.02.08"]
[Round "?"]
[White "Langer, Rajmund"]
[Black "Deghose, Max"]
[Result "1/2-1/2"]
[WhiteElo "2270"]
[BlackElo "2155"]
[PlyCount "61"]
[EventDate "2011.12.02"]
[EventType "tourn (corr)"]
[EventRounds "6"]
[EventCountry "GER"]
[SourceTitle "Telechess CBM 155"]
[Source "ChessBase"]
[SourceDate "2013.07.16"]
[SourceVersion "1"]
[SourceVersionDate "2013.07.16"]
[SourceQuality "1"]

1. e4 e5 2. Nf3 Nc6 3. Bb5 Nf6 4. 0-0 Nxe4 5. d4 a6 6. Ba4 b5 7. Bb3 d5 8. dxe5 Be6 9. Nbd2 Nc5 10. c3 Be7 11. Bc2 d4 12. Nb3 dxc3 13. Nxc5 Bxc5 14. Be4 Qd7 15. a4 Rd8 16. Qxd7+ Bxd7 17. axb5 axb5 18. bxc3 0-0 19. Bg5 Ne7 20. Rfd1 f6 21. Bh4 c6 22. exf6 gxf6 23. Rd2 Bb6 24. h3 Kf7 25. Bxh7 Nd5 26. Rc2 Ra8 27. Rxa8 Rxa8 28. c4 Bc7 29. g3 bxc4 30. Rxc4 f5 31. Nd4 1/2-1/2

[Event "RM-2011-0-00088"]
[Site "LSS email"]
[Date "2012.02.08"]
[Round "?"]
[White "Langer, Rajmund"]
[Black "Sadowski, Marek"]
[Result "1/2-1/2"]
[WhiteElo "2270"]
[BlackElo "2269"]
[PlyCount "37"]
[EventDate "2011.12.02"]
[EventType "tourn (corr)"]
[EventRounds "6"]
[EventCountry "GER"]
[SourceTitle "Telechess CBM 155"]
[Source "ChessBase"]
[SourceDate "2013.07.16"]
[SourceVersion "1"]
[SourceVersionDate "2013.07.16"]
[SourceQuality "1"]

1. e4 e5 2. Nf3 Nc6 3. Bb5 Nf6 4. 0-0 Nxe4 5. d4 Nd6 6. Bxc6 dxc6 7. dxe5 Nf5 8. Qxd8+ Kxd8 9. Nc3 Bd7 10. h3 h6 11. b3 Kc8 12. Bb2 Be7 13. Rad1 a5 14. a4 b6 15. Rd3 Nh4 16. Nxh4 Bxh4 17. Ne2 c5 18. c4 Rd8 19. e6 1/2-1/2

[Event "RM-2011-0-00088"]
[Site "LSS email"]
[Date "2012.02.08"]
[Round "?"]
[White "Szabo, Mihaly"]
[Black "Langer, Rajmund"]
[Result "1/2-1/2"]
[WhiteElo "2222"]
[BlackElo "2270"]
[PlyCount "44"]
[EventDate "2011.12.02"]
[EventType "tourn (corr)"]
[EventRounds "6"]
[EventCountry "GER"]
[SourceTitle "Telechess CBM 155"]
[Source "ChessBase"]
[SourceDate "2013.07.16"]
[SourceVersion "1"]
[SourceVersionDate "2013.07.16"]
[SourceQuality "1"]

1. e4 e5 2. Nf3 Nc6 3. Bb5 a6 4. Ba4 Nf6 5. 0-0 Be7 6. Bxc6 dxc6 7. d3 Nd7 8. Qe2 0-0 9. Be3 f6 10. Nbd2 Qe8 11. Nh4 g6 12. Nhf3 Qf7 13. Nb3 a5 14. a4 b6 15. Nfd2 Ba6 16. Nc4 Rad8 17. Nbd2 Nc5 18. f4 exf4 19. Bxf4 Ne6 20. Bh6 Rfe8 21. Rae1 Bf8 22. Bxf8 Rxf8 1/2-1/2

[Event "CP-2010-Q-00008"]
[Site "LSS email"]
[Date "2012.01.15"]
[Round "?"]
[White "Langer, Rajmund"]
[Black "Kuhne, Detlev"]
[Result "1/2-1/2"]
[WhiteElo "2272"]
[BlackElo "2280"]
[PlyCount "53"]
[EventDate "2012.01.20"]
[EventType "tourn (corr)"]
[EventRounds "6"]
[EventCountry "GER"]
[SourceTitle "Corr 2015"]
[Source "ChessBase"]
[SourceDate "2015.07.17"]
[SourceVersion "1"]
[SourceVersionDate "2015.07.17"]
[SourceQuality "1"]

1. e4 c5 2. Nf3 d6 3. d4 cxd4 4. Nxd4 Nf6 5. Nc3 a6 6. Bg5 e6 7. f4 Qb6 8. Qd3 Qxb2 9. Rb1 Qa3 10. f5 Be7 11. fxe6 fxe6 12. Be2 Qa5 13. Bd2 Qc7 14. g4 h6 15. Qh3 0-0 16. g5 hxg5 17. Nxe6 Qc6 18. 0-0 d5 19. exd5 Nxd5 20. Nxd5 Qxd5 21. Bd3 Bc5+ 22. Be3 Rxf1+ 23. Rxf1 Bxe3+ 24. Qxe3 Qxe6 25. Bc4 Qxc4 26. Qe8+ Kh7 27. Qh5+ 1/2-1/2

[Event "SM-2011-0-00185"]
[Site "LSS email"]
[Date "2012.01.06"]
[Round "?"]
[White "Almeida, Ramiro da Costa"]
[Black "Langer, Rajmund"]
[Result "1/2-1/2"]
[WhiteElo "2212"]
[BlackElo "2285"]
[PlyCount "71"]
[EventDate "2011.12.11"]
[EventType "tourn (corr)"]
[EventRounds "6"]
[EventCountry "GER"]
[SourceTitle "Telechess CBM 165"]
[Source "ChessBase"]
[SourceDate "2015.03.11"]
[SourceVersion "1"]
[SourceVersionDate "2015.03.11"]
[SourceQuality "1"]

1. e4 e5 2. Nf3 Nc6 3. Bb5 a6 4. Ba4 Nf6 5. 0-0 Be7 6. Re1 b5 7. Bb3 d6 8. c3 0-0 9. h3 Bb7 10. d4 Re8 11. Nbd2 Bf8 12. a4 h6 13. Bc2 exd4 14. cxd4 Nb4 15. Bb1 c5 16. d5 Nd7 17. Ra3 c4 18. Nd4 Qf6 19. N2f3 Nc5 20. axb5 axb5 21. Nxb5 Rxa3 22. Nxa3 Ba6 23. Re3 Rb8 24. Nd2 Nbd3 25. Bxd3 cxd3 26. Nab1 g6 27. Nf3 Bg7 28. e5 Qe7 29. Qe1 Nb3 30. Bd2 Nxd2 31. Nbxd2 dxe5 32. Nxe5 Qd6 33. Nxf7 Qxd5 34. Ne5 Rb6 35. b3 Re6 36. Nef3 1/2-1/2

[Event "SM-2011-0-00185"]
[Site "LSS email"]
[Date "2012.01.06"]
[Round "?"]
[White "Langer, Rajmund"]
[Black "Deghose, Max"]
[Result "1-0"]
[WhiteElo "2285"]
[BlackElo "2020"]
[PlyCount "103"]
[EventDate "2011.12.11"]
[EventType "tourn (corr)"]
[EventRounds "6"]
[EventCountry "GER"]
[SourceTitle "Telechess CBM 165"]
[Source "ChessBase"]
[SourceDate "2015.03.11"]
[SourceVersion "1"]
[SourceVersionDate "2015.03.11"]
[SourceQuality "1"]

1. e4 c5 2. Nf3 d6 3. d4 cxd4 4. Nxd4 Nf6 5. Nc3 g6 6. Be3 Bg7 7. f3 0-0 8. Qd2 Nc6 9. Bc4 Bd7 10. 0-0-0 Ne5 11. Bb3 Rc8 12. Kb1 a6 13. h4 h5 14. g4 hxg4 15. h5 Nxh5 16. Rdg1 Qa5 17. Bh6 Bf6 18. fxg4 Bxg4 19. Bf4 Nxf4 20. Qxf4 Rxc3 21. bxc3 Qxc3 22. Qh6 Re8 23. Rxg4 e6 24. Rf4 Nd3 25. cxd3 Qxd4 26. Rxf6 Qxf6 27. Qe3 Rc8 28. d4 Rc7 29. d5 e5 30. Qh3 Qg7 31. Bd1 Kf8 32. Be2 Ke7 33. Rf1 Rc5 34. Qh4+ Ke8 35. Kb2 b5 36. Rf3 g5 37. Qg4 Ke7 38. Rg3 a5 39. Kb3 Qf6 40. Qxg5 Qxg5 41. Rxg5 a4+ 42. Kb4 Rc2 43. Bxb5 Rxa2 44. Bxa4 Rh2 45. Kc4 Re2 46. Kd3 Ra2 47. Bc6 Ra3+ 48. Kc4 Kf8 49. Kb4 Re3 50. Rg4 Re1 51. Kb5 Rb1+ 52. Ka5 1-0

[Event "SM-2011-0-00185"]
[Site "LSS email"]
[Date "2012.01.06"]
[Round "?"]
[White "Langer, Rajmund"]
[Black "Depasse, Jean Marc"]
[Result "1/2-1/2"]
[WhiteElo "2285"]
[BlackElo "2252"]
[PlyCount "57"]
[EventDate "2011.12.11"]
[EventType "tourn (corr)"]
[EventRounds "6"]
[EventCountry "GER"]
[SourceTitle "Telechess CBM 165"]
[Source "ChessBase"]
[SourceDate "2015.03.11"]
[SourceVersion "1"]
[SourceVersionDate "2015.03.11"]
[SourceQuality "1"]

1. e4 e6 2. d4 d5 3. Nc3 Nf6 4. e5 Nfd7 5. f4 c5 6. Nf3 Nc6 7. Be3 a6 8. Qd2 b5 9. a3 Qb6 10. Ne2 Qc7 11. Ng3 Bb7 12. Bd3 cxd4 13. Nxd4 Be7 14. 0-0 g6 15. Qf2 Nxd4 16. Bxd4 Bc5 17. Ne2 0-0 18. b4 Bxd4 19. Nxd4 Rae8 20. Qe3 Nb6 21. h4 Nc4 22. Bxc4 dxc4 23. c3 Rd8 24. Rf2 Qe7 25. Qg3 Rxd4 26. cxd4 Qd7 27. Rd1 h5 28. Re2 Bd5 29. Qc3 1/2-1/2